ბათუმის შოთა რუსთაველის სახელმწიფო უნივერსიტეტის ბიბლიოთეკა

ეკონომიკური პოლიტიკა. წ.1 (ბიბ.ჩანაწერი № 34628)

000 -LEADER
fixed length control field 00775nam a2200241Ia 4500
001 - CONTROL NUMBER
control field 393
003 - CONTROL NUMBER IDENTIFIER
control field GE_BSU
008 - FIXED-LENGTH DATA ELEMENTS--GENERAL INFORMATION
fixed length control field 181216s||||||||xx |||||||||||||| ||und||
020 ## - INTERNATIONAL STANDARD BOOK NUMBER
International Standard Book Number 9789941123245
040 ## - CATALOGING SOURCE
Transcribing agency GE_BSU
080 ## - UNIVERSAL DECIMAL CLASSIFICATION NUMBER
Universal Decimal Classification number 338.2(075.8)
100 ## - MAIN ENTRY--PERSONAL NAME
Personal name გველესიანი, რევაზ;გოგორიშვილი, ირინა
245 ## - TITLE STATEMENT
Title ეკონომიკური პოლიტიკა. წ.1
245 ## - TITLE STATEMENT
Remainder of title სახ–ლო
245 ## - TITLE STATEMENT
Statement of responsibility, etc. რედ. ვენგი ვოლფგანგ
260 ## - PUBLICATION, DISTRIBUTION, ETC.
Place of publication, distribution, etc. თბილისი
260 ## - PUBLICATION, DISTRIBUTION, ETC.
Name of publisher, distributor, etc. უნივერსალი
260 ## - PUBLICATION, DISTRIBUTION, ETC.
Date of publication, distribution, etc. 2008
300 ## - PHYSICAL DESCRIPTION
Extent 297გვ.
653 ## - INDEX TERM--UNCONTROLLED
Uncontrolled term ეკონომიკური პოლიტიკა
942 ## - ADDED ENTRY ELEMENTS (KOHA)
Koha item type წიგნი
ეგზემპლარები
Withdrawn status Lost status Damaged status Not for loan Date acquired Barcode Date last seen Price effective from Koha item type Public note
        2018-12-17 1073 2018-12-17 2018-12-17 წიგნი დარბაზი